History Quiz

Random History or Clickable Quiz

HCHS US Economic Panics Quiz Stats

 Plays Quiz not verified by Sporcle

Score 0/9 Timer 10:00
0 Plays Today
% Correct
Panic of 1857
100%
Panic of 1893
100%
Black Tuesday, Oct. 29, 1929
95.1%
Black Monday, Oct 19, 1987
91.8%
Panic of 1837
86.9%
Panic of 1819
82%
Panic of 1873
80.3%
Panic of 1907
67.2%
Panic of 1901
65.6%

You're not logged in!

Compare scores with friends on all Sporcle quizzes.
OR
Log In

Sporcle TV

Today on Sporcle TV


Watch our educational content, quiz creation guides, and fun videos on Sporcle TV.

Show Comments

Extras

Top Quizzes Today


Score Distribution

Your Account Isn't Verified!

In order to create a playlist on Sporcle, you need to verify the email address you used during registration. Go to your Sporcle Settings to finish the process.

Report this User

Report this user for behavior that violates our Community Guidelines.

Details: